| 000 | 00364cam a2200145ua 4500 | ||
|---|---|---|---|
| 041 |
_amal _h |
||
| 082 |
_a894.812301 _bVAS/KA |
||
| 100 | _aVasudev, Eroor . | ||
| 245 |
_aKarayunna chakrangal / _cEroor Vasudev. _hTextual Documents |
||
| 260 |
_aErnamkulam : _bCircle book house , _c1958. |
||
| 300 | _a88 ; . | ||
| 504 | _a | ||
| 942 | _cBK | ||
| 999 |
_c6577 _d6577 |
||